Пожаровзрывобезопасность. Т. 32, № 2 (Запись № 12418764)

Подробности
000 -МАРКЕР
контрольное поле 01078nam2a2200205 4500
001 - ИДЕНТИФИКАТОР ЗАПИСИ
контрольное поле RU\NLR\PER_A\002634915_002890
005 - ИДЕНТИФИКАТОР ВЕРСИИ
контрольное поле 20250625074941.0
035 ## - ДРУГИЕ СИСТЕМНЫЕ НОМЕРА
Идентификатор записи (NLR Aleph) 021987952
100 ## - ДАННЫЕ ОБЩЕЙ ОБРАБОТКИ
Данные общей обработки 20230726d2023 |||y0rusy50 ca
101 0# - ЯЗЫК РЕСУРСА
Язык текста, звукозаписи и т.д. русский
102 ## - СТРАНА ПУБЛИКАЦИИ ИЛИ ПРОИЗВОДСТВА
Страна публикации Российская Федерация
200 0# - ЗАГЛАВИЕ И СВЕДЕНИЯ ОБ ОТВЕТСТВЕННОСТИ
Основное заглавие Т. 32, № 2
210 ## - ПУБЛИКАЦИЯ, РАСПРОСТРАНЕНИЕ И ДР.
Дата издания, распространения и т.д. 2023
Место издания, распространения и т.д. Б. м.
461 #0 - УРОВЕНЬ НАБОРА
Встроенное поле 001RU\NLR\INFOCOMM6\1000473248
-- 2001#$aПожаровзрывобезопасность$dFire & explosion safety$eНауч.-техн. журн. Ассоц. "Пожнаука" и ВНИИПО МВД РФ$fАссоц. "Пожар. безопасность и наука". Пожнаука$zeng$vТ. 32, № 2
Системный номер (АБИС) связанной записи 3734402
Место публикации Балашиха-6
Дата публикации 1992 -
Первые сведения об ответственности Ассоц. "Пожар. безопасность и наука". Пожнаука
Параллельное заглавие Fire & explosion safety
Сведения, относящиеся к заглавию Науч.-техн. журн. Ассоц. "Пожнаука" и ВНИИПО МВД РФ
Заглавие Пожаровзрывобезопасность
ISSN 0869-7493
Номер тома Т. 32, № 2
852 ## - МЕСТОНАХОЖДЕНИЕ И ШИФР ХРАНЕНИЯ
Идентификатор организации NLR
Шифр хранения (Call Number) П11/3594
942 ## - ДОПОЛНИТЕЛЬНЫЕ ЭЛЕМЕНТЫ ЗАПИСИ (АБИС)
Тип экземпляра АБИС Выпуск
980 ## - КОЛЛЕКЦИЯ
Название коллекции Национальная библиография
980 ## - КОЛЛЕКЦИЯ
Название коллекции Русская периодика

Нет доступных экземпляров.